000
00377nam a2200133Ia 4500
008
151001s9999||||xx |||||||||||||| ||und||
100
_a
श्याम मोहन अस्थाना
245
_a
खुजाराहो कि यक्षीणी
250
_a
1
260
_b
राधाराणी
260
_c
2004
300
_a
112
365
_b
21
999
_c
986233
_d
986230